1280 1545 1911 1447 1692 1298 1972 1891 1828 1824 1731 1391 1417 1319 1760 1589 1446 1227 1294 1047 1862 1128 1500 1217 1662 1715 1152 1225 1768 1350 1221 1568 1072 1024 1470 1352 1418 1165 1500 1246 1423 1555 1066 1144 1324 1362 1433 1213 1726 1872 1310 1528 1706 1646 1074 1368 1854 1071 1704 1755 1710 1573 1047 1648 1023 1970 1744 1060 1189 1655 1599 1761 1947 1373 1048 1678 1245 1900 1036 1066 1066 1392 1533 1259 1159 1986 1938 1212 1579 1535 1714 1385 1463 1252 1832 1559 1354 1708 1404 BCNSPRNW ULIB Ver.6.0+V

เปลี่ยนเป็นภาษาไทย

Change to English
 แสดงรายละเอียดบรรณานุกรม
  กลับหน้าหลัก

Brief Record : Get Marc (ISO 2709) : E-mail record : QR code < ปิดหน้าต่าง
LEADER : 00000nam 2200000uu 4500
001    13399125276
003     ULIB
008    170327s||||||||th 000 0 tha d
020    ^a9789744668158
060  0 ^aWB105^bณ211อ
100 0  ^aณรงค์กร ซ้ายโพธิ์กลาง
245 00 ^aอายุรศาสตร์เวชบำบัดวิกฤต/^cณรงค์กร ซ้ายโพธิ์กลาง
250    ^aพิมพ์ครั้งที่ 1
260    ^aกรุงเทพฯ:^bกรุงเทพเวชสาร,^c2558
300    ^a548หน้า:^bภาพประกอบ
650  0 ^aอายุรศาสตร์
700 0  ^aหทัยวรรณ รัตนบรรเจิดกุล
700 0  ^aวศิเทพ ลิ้มวรพิทักษ์
700 0  ^aธนา ขอเจริญพร
700 0  ^aรัฐกร วิไลชนม์
913    ^aณรีรัตน์
945    ^p0^l0^i001732
945    ^p0^l0^i001733
945    ^p0^l0^i001734
999    ^aใช้งานได้ทุกระบบ
รายการนี้ยังไม่มีแท็ก
คุณยังไม่ได้ล็อกอิน คุณสามารถมีกิจกรรมร่วมกับเว็บไซต์ได้ แต่ต้องล็อกอินก่อน ::
  ล็อกอิน

รายการสื่อสารสนเทศ

ลำดับที่ ประเภท เลขเรียก/บาร์โค้ด สถานที่ สถานะ
1. วิทยาศาสตร์การแพทย์ และสุขภาพ
วิทยาศาสตร์การแพทย์ และสุขภาพ
สถานะ=หนังสือเก่า
WB105 ณ211อ ฉ.1 
  Barcode: 001732
ห้องสมุดวิทยาเขตสวรรค์ประชารักษ์
►ส่วนจัดเก็บหนังสือเก่า สปร
บนชั้น
  ขอยืม
2. วิทยาศาสตร์การแพทย์ และสุขภาพ
วิทยาศาสตร์การแพทย์ และสุขภาพ
สถานะ=หนังสือเก่า
WB105 ณ211อ ฉ.2 
  Barcode: 001733
ห้องสมุดวิทยาเขตสวรรค์ประชารักษ์
►ส่วนจัดเก็บหนังสือเก่า สปร
บนชั้น
  ขอยืม
3. วิทยาศาสตร์การแพทย์ และสุขภาพ
วิทยาศาสตร์การแพทย์ และสุขภาพ
สถานะ=หนังสือเก่า
WB105 ณ211อ ฉ.3 
  Barcode: 001734
ห้องสมุดวิทยาเขตสวรรค์ประชารักษ์
►ส่วนจัดเก็บหนังสือเก่า สปร
บนชั้น
  ขอยืม

รายการใกล้เคียง
    ผู้แต่ง [ณรงค์กร ซ้ายโพธิ์กลาง]

    หัวเรื่อง [อายุรศาสตร์]

BibComment


ยังไม่เคยถูกคอมเมนท์

คอมเมนท์ทรัพยากรรายการนี้
  คอมเมนท์: อายุรศาสตร์เวชบำ..


 Copyright 2026. Bcnsprnw @Library